000 00582nam a2200217Ia 4500
003 OSt
005 20220926041538.0
006 a|||||r|||| 00| 0
007 ta
008 220923b |||||||| |||| 00| 0 eng d
037 _cGeneral Book
040 _aRTL
_cRTL
_beng
041 _2eng
_aeng
082 _aX9:2.56oj73.N1, G3
100 _aJones G T
_9344991
245 0 _aIncreasing returns
_b A study of the relation betwe
260 _c1933
650 _aProduction
942 _hX9:2.56oj73.N1, G3
_cGB
_2CC
999 _c667436
_d667436